000 00475nam a2200169Ia 4500
003 LK-CoDNM
005 20240731134308.0
008 010623t1860 xxu||||| |||| 00| 1 fra d
040 _aLK-CoDNM
_dLK-CoDNM
_eLK-CoDNM
041 _afra
080 _a8
_bJ9
100 _aRaverty,Captain,H.G.
245 _aThe Gulshan-I Roh : The Pusht or Afghan Language
260 _bLongmans,Green,Longman and Roberts and others
_aLondon
_c1860
300 _bvi, 212p ; 26 cm
942 _cBK
999 _c81484
_d81484